[Event "Mogliano Veneto op-B 31st"]
[Site "Mogliano Veneto"]
[Date "2010.05.01"]
[Round "2"]
[White "Cuppone, Fiorinto"]
[Black "Niespoli, Carlo"]
[Result "0-1"]
[WhiteElo "1619"]
[BlackElo "1615"]
[PlyCount "61"]
[EventDate "2010.04.30"]
[EventType "swiss"]
[EventRounds "5"]
[EventCountry "ITA"]
[SourceTitle "EXT 2023"]
[Source "ChessBase"]
[SourceDate "2022.10.05"]
[SourceVersion "1"]
[SourceVersionDate "2022.10.05"]
[SourceQuality "1"]

1. e4 e5 2. Nf3 Nc6 3. Bb5 Nf6 4. d4 exd4 5. 0-0 a6 6. Ba4 b5 7. e5 Nd5 8. Bb3 Nb6 9. Ng5 Nc4 10. Bxc4 bxc4 11. Bf4 Be7 12. Ne4 0-0 13. Nbd2 d5 14. exd6 cxd6 15. Qh5 d5 16. Ng5 Bf5 17. Rac1 Bg6 18. Qg4 Nb4 19. c3 Nd3 20. Ngf3 Nxc1 21. Rxc1 dxc3 22. bxc3 Bf6 23. h4 h5 24. Qg3 Qd7 25. Ne5 Bxe5 26. Bxe5 Qg4 27. Nf1 Qxg3 28. Bxg3 Rfe8 29. Ne3 Rad8 30. Kf1 Bd3+ 31. Ke1 0-1

[Event "Mogliano Veneto op-B 31st"]
[Site "Mogliano Veneto"]
[Date "2010.04.30"]
[Round "1"]
[White "Niespoli, Carlo"]
[Black "Chiesa, Roberto"]
[Result "1/2-1/2"]
[WhiteElo "1615"]
[BlackElo "1803"]
[PlyCount "51"]
[EventDate "2010.04.30"]
[EventType "swiss"]
[EventRounds "5"]
[EventCountry "ITA"]
[SourceTitle "EXT 2023"]
[Source "ChessBase"]
[SourceDate "2022.10.05"]
[SourceVersion "1"]
[SourceVersionDate "2022.10.05"]
[SourceQuality "1"]

1. e4 e6 2. d4 d5 3. Nd2 Nf6 4. e5 Nfd7 5. Bd3 c5 6. c3 Nc6 7. Ndf3 cxd4 8. cxd4 f6 9. exf6 Nxf6 10. Ne2 Bd6 11. 0-0 Qc7 12. Ng3 0-0 13. Re1 Bd7 14. Bd2 Rae8 15. Rc1 Qb8 16. Bc3 Re7 17. Ne5 Be8 18. Bb1 Bxe5 19. dxe5 Nd7 20. Re2 Ndxe5 21. Qe1 d4 22. Bxd4 Nxd4 23. Rxe5 Ref7 24. Qe4 Nf5 25. Nxf5 exf5 26. Qe2 1/2-1/2

[Event "Venice Province-ch 69th"]
[Site "Venice Mestre"]
[Date "2009.02.01"]
[Round "5"]
[White "Urbinati, Nicolo"]
[Black "Niespoli, Carlo"]
[Result "1-0"]
[WhiteElo "1569"]
[BlackElo "1600"]
[PlyCount "59"]
[EventDate "2009.01.30"]
[EventType "swiss"]
[EventRounds "5"]
[EventCountry "ITA"]
[SourceTitle "EXT 2022"]
[Source "ChessBase"]
[SourceDate "2021.10.06"]
[SourceVersion "1"]
[SourceVersionDate "2021.10.06"]
[SourceQuality "1"]

1. e4 e5 2. Nf3 Nc6 3. d4 exd4 4. Nxd4 Nf6 5. Nc3 Bb4 6. Nxc6 bxc6 7. Bd3 d5 8. exd5 cxd5 9. 0-0 0-0 10. Bg5 c6 11. Qf3 Be7 12. h3 Be6 13. Ne2 h6 14. Bh4 g5 15. Bg3 Ne4 16. Bxe4 dxe4 17. Qxe4 Bd5 18. Qd3 f5 19. f3 Bf6 20. c3 Re8 21. Nd4 Qb6 22. Qd2 Bxd4+ 23. cxd4 f4 24. Bf2 Qa6 25. Qc2 Re2 26. Qg6+ Kf8 27. Qxh6+ Kf7 28. Qxg5 Rg8 29. Qxf4+ Ke7 30. Rfe1 1-0